MARC

LEADER 00000nam0a2200000 4500
001 184887
005 20231031172533.0
035 |a (RuTPU)RU\TPU\book\200519 
090 |a 184887 
100 |a 20100923d1959 m y0rusy50 ca 
101 0 |a rus 
102 |a RU 
105 |a a z 001zy 
200 1 |a Гидродинамические муфты  |f Б. А. Гавриленко, В. А. Минин 
210 |a Москва  |c Оборонгиз  |d 1959 
215 |a 338 с.  |c ил. 
320 |a Библиогр.: с. 334-336. 
610 1 |a гидродинамические муфты 
610 1 |a теория 
610 1 |a расчет 
610 1 |a классификация 
610 1 |a привод 
610 1 |a динамика 
610 1 |a рабочие жидкости 
675 |a 621.825.032  |v 3 
700 1 |a Гавриленко  |b Б. А.  |g Борис Александрович 
701 1 |a Минин  |b В. А.  |g Виктор Александрович 
801 1 |a RU  |b 63413507  |c 20100923 
801 2 |a RU  |b 63413507  |c 20180604  |g RCR 
942 |c BK